00481nam a22001337a 4500999001900000008004100019100002900060245005800089260002200147300003700169773002200206942000700228952011200235 c532887d532887260330b ||||| |||| 00| 0 eng d aSharam, Amrapali 959895 aFraming epidemics through the Indian cinematic lens  aSocial Scientist  a53(9-10), Sep-Oct, 2025: p.75-82 aSocial Scientist  cAR 00102ddc40709408064aIIPAbIIPAd2026-03-30h53(9-10), Sep-Oct, 2025: p.75-82pAR138405r2026-03-30yAR